黄金比例 (Record no. 28997)

000 -LEADER
fixed length control field 00487nam a22001937a 4500
003 - CONTROL NUMBER IDENTIFIER
control field MPLRDC
005 - DATE AND TIME OF LATEST TRANSACTION
control field 20220104125637.0
008 - FIXED-LENGTH DATA ELEMENTS--GENERAL INFORMATION
fixed length control field 210129b ||||| |||| 00| 0 eng d
020 ## - INTERNATIONAL STANDARD BOOK NUMBER
International Standard Book Number 957-32-5270-8
082 ## - DEWEY DECIMAL CLASSIFICATION NUMBER
Classification number 316 LIV
100 ## - MAIN ENTRY--PERSONAL NAME
Personal name MARIO LIVIO
245 ## - TITLE STATEMENT
Title 黄金比例
Statement of responsibility, etc. 丘宏义 译
250 ## - EDITION STATEMENT
Edition statement 初版十刷
260 ## - PUBLICATION, DISTRIBUTION, ETC.
Place of publication, distribution, etc. 台湾
Name of publisher, distributor, etc. 远流出版事业股份有限公司
Date of publication, distribution, etc. 2007
300 ## - PHYSICAL DESCRIPTION
Other physical details 327
490 ## - SERIES STATEMENT
Series statement 大众科学馆: 10
650 ## - SUBJECT ADDED ENTRY--TOPICAL TERM
Topical term or geographic name entry element 几何
942 ## - ADDED ENTRY ELEMENTS (KOHA)
Koha item type Book
-- 316 LIV
Holdings
Withdrawn status Lost status Source of classification or shelving scheme Damaged status Not for loan Collection code Home library Current library Shelving location Date acquired Cost, normal purchase price Total Checkouts Full call number Barcode Date last seen Date last checked out Price effective from Koha item type Public note
            Malaysian Public Library, Research and Development Centre Malaysian Public Library, Research and Development Centre   10/12/2007 51.49   316 LIV 00029071 17/03/2021 07/04/2012 17/03/2021 Book mplrdc

© 2022. Malaysian Public Library, Research and Development Centre. All Right ReservedE-mailmplrdc@help.edu.my 

Powered by Koha